LEADER 01134nam 2200349Ia 450 001 996384455203316 005 20221108023753.0 035 $a(CKB)4940000000073805 035 $a(EEBO)2240893829 035 $a(OCoLC)11832859 035 $a(EXLCZ)994940000000073805 100 $a19850321d1694 uy | 101 0 $aeng 135 $aurbn||||a|bb| 200 00$aEpistolary poems, on several occasions$b[electronic resource] $ewith several of the choicest stories of Ovid's Metamorphoses and Tibullus's Elegies /$ftranslated into English verse by Charles Hopkins 210 $aLondon $cPrinted by R.E. for Jacob Tonson ...$d1694 215 $a[14], 119 p 300 $aReproduction of original in Huntington Library. 330 $aeebo-0113 701 2$aOvid$f43 B.C.-17 or 18 A.D.$0154954 701 2$aTibullus$0161758 701 $aHopkins$b Charles$f1664?-1700?$01002614 801 0$bEAA 801 1$bEAA 801 2$bm/c 801 2$bEAA 801 2$bUMI 801 2$bWaOLN 906 $aBOOK 912 $a996384455203316 996 $aEpistolary poems, on several occasions$92405933 997 $aUNISA LEADER 01020nam0 22002651i 450 001 UON00207199 005 20231205103319.35 100 $a20030730d1975 |0itac50 ba 101 $aita 102 $aIT 105 $a|||| ||||| 200 1 $aErasmo$fJohann Huizinga 210 $aTorino$cEinaudi$d1975 215 $a300 p.$d20 cm. 316 $aValore stimato$5IT-UONSI Francese40 REPHUI 606 $aERASMO DA ROTTERDAM$3UONC050345$2FI 620 $aIT$dTorino$3UONL000014 700 1$aHuizinga$bJohan$3UONV124122$0292479 712 $aEinaudi$3UONV246211$4650 801 $aIT$bSOL$c20250613$gRICA 912 $aUON00207199 950 $aSIBA - SISTEMA BIBLIOTECARIO DI ATENEO$dSI 40 REP HUI $eSI LO 14897 7 Valore stimato$sBuono 950 $aSIBA - SISTEMA BIBLIOTECARIO DI ATENEO$dSI EUR C B 0125 $eSI SC 2124 5 0125 996 $aErasmus$938514 997 $aUNIOR